North America - CLICK QUIZ, with map - Statistics

General Stats
  • This quiz has been taken 93 times
  • The average score is 18 of 22
Answers on the Map
Answers color-coded by a green-red scale on the quiz's map according to % correct below.
 
Answer Stats
Answer % Correct
Mexico
95%
Bahamas
93%
Canada
93%
Cuba
93%
Haiti
93%
Jamaica
93%
Panama
93%
Trinidad and Tobago
93%
United States of America
93%
Belize
88%
Dominican Republic
88%
Guatemala
88%
Costa Rica
86%
El Salvador
84%
Honduras
84%
Nicaragua
84%
Antigua and Barbuda
72%
Grenada
70%
Saint Kitts and Nevis
67%
Dominica
65%
Saint Lucia
65%
Saint Vincent and the Grenadines
63%
No matching quizzes found
Score Distribution
Percent of People with Each Score
Percentile by Number Answered
Your Score History
You have not taken this quiz